00766nam a2200217Ii 45000010005000000030009000050080041000140400033000550410008000880820018000961000027001142450037001412640066001783000012002443360026002563370028002823380027003109400050003379990017003879520144004046730CO-ViMGA241108s9999||||xx |||||||||||||| ||und|| aCO-ViMGAbspaerdacCO-ViMGA0 aunk04aC863.44-B326h1 aEmilio Bastidas95431910a hombre que perdio su nombre 1a[Lugar de publicación no identificado] : Tercer Mundo, 1977 avolumen atextbtxt2rdacontent aunmediatedbn2rdamedia avolumebnc2rdacarrier aidficha_siabuc: 6576. -- ficha_no_siabuc:6730 c51261d51261 001040708001aMEVIGERRbMEVIGERRcGENd2006-11-27hVol.1oC863.44-B326hpECA6275r2024-11-26 10:02:39tEj.1w2024-11-26yBKz6576 | 9212